00730nam a22002057a 4500999001500000001000600015003000900021005001700030008004100047040003800088082002500126245010000151260003900251300002000290505002900310650003200339710001400371942001200385952012700397 c1794d179411609BD-DhUAP20210127092033.0200216s1999 pk ||||| |||| 00| 0 eng d aBD-DhUAPbEngcBD-DhUAPdBD-DhUAP 223a341.48095491 JUD aJudgments on human rights & public interest litigation by Supreme court of Pakistan up to 1999. aLahore : bPLD Publishers,c1998.  aparts ;c24 cm. aP. 4-Judgment no. 34-40. aHuman rights lawzPakistan. aPakistan. 2ddccBK 00102ddc4070aUAPCLbUAPCLcGeneral Stacksd2020-02-16o341.48095491 JUD P-4p3010011609r2020-02-16t1w2020-02-16yBK